000
00235 a2200109 4500
001
51283
040
_c
Anchieta - Pituba
240
1
0
_a
DER GANZ GROSSE TRAUM
_l
245
1
0
_a
DER GANZ GROSSE TRAUM
650
4
_a
Língua alemã
942
_c
MX
999
_c
51283
_d
51283